| 000 | 00362nam a22001457a 4500 | ||
|---|---|---|---|
| 003 | SGT | ||
| 082 |
_a618.92 _bN15O |
||
| 100 | _aORKIN, STUART H. | ||
| 245 | _aNATHAN AND OSKI'S HEMATOLOGY AND ONCOLOGY OF INFANCY AND CHILDHOOD | ||
| 250 | _a8TH | ||
| 260 |
_aPHILADELPHIA _bELSEVIER _c2015 |
||
| 300 | _a1225 | ||
| 650 | _aHEMATOLOGY | ||
| 942 |
_2ddc _cBK _04 |
||
| 999 |
_c10599 _d10599 |
||